Music Quiz

Random Music or Song Quiz

50 Hits to Click: 1982 Quiz Stats

Quiz Updated May 13, 2017

Challenge
Share
Tweet
Embed
Score 0/50 Timer 07:00
112 Plays Today
% Correct
Tiger
94.6%
Mind
94.1%
Ebony
93.8%
Love
93.4%
Diane
90.9%
Only
89.4%
Sorry
89.2%
Believe
88.4%
Degree
88.1%
That
86.5%
Want
86%
Moment
85.9%
Up
85.3%
Leather
85.1%
Tainted
84.8%
Now
84.7%
Chariots
83.8%
Beat
83.6%
Pretty
82.7%
Heart
82.6%
Open
81.3%
Break
81.3%
Town
81%
Ran
80.6%
Band
80.2%
% Correct
Blue
77.6%
Largo
77.4%
Turn
77.3%
Me
77.2%
Hooked
75.4%
Sweet
75%
Southern
74.8%
Material
73.8%
Caught
73.4%
Waiting
73.2%
Steppin'
72.5%
Strangers
72.4%
Girl
72.3%
Been
69.6%
Attack
69.2%
Language
68.6%
Shake
67.5%
Fever
67%
Other
66.8%
Raining
66.8%
Hold
66.6%
Should
66.6%
Baby
65.7%
Eye
64.8%
Whip
50.7%

You're not logged in!

Compare scores with friends on all Sporcle quizzes.
Sign Up with Email
OR
Log In

You Might Also Like...

Show Comments

Extras

Top Quizzes Today


Score Distribution

Your Account Isn't Verified!

In order to create a playlist on Sporcle, you need to verify the email address you used during registration. Go to your Sporcle Settings to finish the process.